Normal view
MARC view
- الخلود- الديانات القديمة- مصر- حضارة- حياة وعادات اجتماعية
Entry Topical Term
001 - CONTROL NUMBER
- control field: 16879
003 - CONTROL NUMBER IDENTIFIER
- control field: JO-AjAnu
005 - DATE AND TIME OF LATEST TRANSACTION
- control field: 20230606073006.0
008 - FIXED-LENGTH DATA ELEMENTS
- fixed length control field: 230606|| aca||aabn | a|a d
040 ## - CATALOGING SOURCE
- Original cataloging agency: JO-AjAnu
- Transcribing agency: JO-AjAnu
150 ## - HEADING--TOPICAL TERM
- Topical term or geographic name entry element: الخلود- الديانات القديمة- مصر- حضارة- حياة وعادات اجتماعية
670 ## - SOURCE DATA FOUND
- Source citation: Work cat.: (JO-AjAnu)8667: عويس، سيد, author 16878, الخلود في التراث الثقافي المصري